[Event "BAN-chT2"]
[Site "Dhaka"]
[Date "2017.10.28"]
[Round "7.3"]
[White "Kyum, Ahmed"]
[Black "Zafrul, Islam"]
[Result "1-0"]
[WhiteElo "1849"]
[BlackElo "1866"]
[PlyCount "69"]
[EventDate "2017.10.22"]
[EventType "team-swiss"]
[EventRounds "7"]
[EventCountry "BAN"]
[SourceTitle "CBM 181 Extra"]
[Source "ChessBase"]
[SourceDate "2017.12.12"]
[SourceVersion "1"]
[SourceVersionDate "2017.12.12"]
[SourceQuality "1"]
[WhiteTeam "Legend Faraz Ayiaz"]
[BlackTeam "Morning Glory"]
[WhiteTeamCountry "BAN"]
[BlackTeamCountry "BAN"]

1. e4 c5 2. Nf3 d6 3. Bb5+ Bd7 4. Bxd7+ Nxd7 5. c3 Ngf6 6. Qe2 g6 7. d4 cxd4 8. cxd4 Bg7 9. Nc3 e6 10. 0-0 0-0 11. h3 e5 12. dxe5 dxe5 13. Be3 a6 14. Rfd1 Qa5 15. Nd5 Kh8 16. Bg5 Qa4 17. Bxf6 Nxf6 18. Nb6 Qa5 19. Nxa8 Rxa8 20. Qc4 Kg8 21. b4 Qa3 22. Nxe5 Rf8 23. Rab1 Qa4 24. f3 Qe8 25. f4 Qe7 26. g4 Ne8 27. Nd7 Qh4 28. Kg2 Nf6 29. Nxf8 Nxg4 30. Qe2 Nf6 31. Nd7 Nh5 32. Qg4 Qe7 33. e5 f5 34. Qg5 Qe8 35. Qh4 1-0

[Event "Dhaka SGS op"]
[Site "Dhaka"]
[Date "2017.06.04"]
[Round "2"]
[White "Kyum, Ahmed"]
[Black "Mehdi, Hasan Parag"]
[Result "0-1"]
[WhiteElo "1919"]
[BlackElo "2274"]
[PlyCount "84"]
[EventDate "2017.06.03"]
[EventType "swiss"]
[EventRounds "9"]
[EventCountry "BAN"]
[SourceTitle "EXT 2019"]
[Source "ChessBase"]
[SourceDate "2018.10.10"]
[SourceVersion "1"]
[SourceVersionDate "2018.10.10"]
[SourceQuality "1"]

1. e4 c6 2. Nc3 d5 3. Nf3 Nf6 4. exd5 cxd5 5. d3 g6 6. Be2 Bg7 7. 0-0 Nc6 8. Bf4 Nh5 9. Bd2 0-0 10. Qc1 Re8 11. Bg5 f6 12. Bd2 Bf8 13. d4 Ng7 14. Nd1 Bg4 15. Ne3 Bxf3 16. Bxf3 e6 17. c3 Rc8 18. Qd1 Bd6 19. Re1 Bb8 20. g3 h5 21. Kg2 f5 22. Kg1 h4 23. Ng2 hxg3 24. fxg3 Kf7 25. Bf4 Qb6 26. Qb3 Bxf4 27. Qxb6 axb6 28. gxf4 Na5 29. Re2 Rh8 30. h4 Nc4 31. Kf2 Nd6 32. Ke3 Nge8 33. Kd3 Nf6 34. Rh1 b5 35. a3 Nfe4 36. Rc1 Kf6 37. Rb1 Rh7 38. Ra1 Rch8 39. Rh1 Ke7 40. Ra1 Rxh4 41. Nxh4 Rxh4 42. Bxe4 fxe4+ 0-1